000 00517nam a22001457a 4500
003 MACL
005 20200223161455.0
008 200223b xxu||||| |||| 00| 0 eng d
040 _cMACL
100 _aमिर्जापुरी, देवेन्‍द्र
_978432
245 _aप्रणवीर मंगल पाण्‍डे
260 _aगाजियाबाद
_bसमन्‍वय प्रकाशन
_c2017
650 _aखण्‍ड काव्‍य
_978433
942 _2ddc
_cHIN
999 _c62228
_d62228